[Event "DVM U12 2020"]
[Site "Magdeburg GER"]
[Date "2021.08.08"]
[Round "7"]
[White "Neumeier, Konstantin"]
[Black "Sajka, Noah"]
[Result "0-1"]
[Termination "normal"]
[Board "5.2"]
[WhiteElo "1097"]
[BlackElo "1393"]
[WhiteClock "01:29:29"]
[BlackClock "01:19:42"]
[WhiteTeam "SK Kelheim 1920"]
[BlackTeam "SC Garching 1980 e.V."]
[PlyCount "78"]
[WhiteFideId "34608230"]
[BlackFideId "34608192"]
[EventCountry "GER"]
[EventRounds "7"]
[EventType "team-swiss"]
[EventDate "2021.08.04"]

1. e4 {[%clk 01:30:58]} c5 {[%clk 01:30:52]} 2. c3 {[%clk 01:31:20]} d5 {[%clk
01:31:18]} {[%emt 00:00:05]} 3. exd5 {[%clk 01:31:39]} Qxd5 {[%clk 01:31:42]}
4. d4 {[%clk 01:31:45]} Nc6 {[%clk 01:31:53]} 5. Nf3 {[%clk 01:32:01]} Bg4
{[%clk 01:32:05]} {[%emt 00:00:05]} 6. Be2 {[%clk 01:32:21]} cxd4 {[%clk
01:32:25]} 7. cxd4 {[%clk 01:32:39]} e6 {[%clk 01:32:10]} 8. Nc3 {[%clk
01:32:37]} Qa5 {[%clk 01:31:52]} {[%emt 00:00:05]} 9. a3 {[%clk 01:32:02]} Nf6
{[%clk 01:30:45]} 10. O-O {[%clk 01:31:11]} Be7 {[%clk 01:28:15]} 11. Qb3
{[%clk 01:29:48]} Qc7 {[%clk 01:20:58]} {[%emt 00:06:18]} 12. Be3 {[%clk
01:29:29]} {[%emt 00:00:52]} O-O 13. Rac1 {[%clk 01:29:29]} a6 14. Rfd1 {[%clk
01:29:29]} Bf5 15. d5 {[%clk 01:29:29]} exd5 16. Nxd5 {[%clk 01:29:29]} Nxd5
17. Qxd5 {[%clk 01:29:29]} Be6 18. Qe4 {[%clk 01:29:29]} Qa5 19. Bd3 {[%clk
01:29:29]} g6 20. Bh6 {[%clk 01:29:29]} Rfd8 21. Qf4 {[%clk 01:29:29]} Bb3 22.
Rd2 {[%clk 01:29:29]} Bf8 23. h3 {[%clk 01:29:29]} Bd5 {[%clk 01:19:42]} 24.
Qh4 {[%clk 01:29:29]} Bxf3 {[%clk 01:19:42]} 25. gxf3 {[%clk 01:29:29]} Ne5
{[%clk 01:19:42]} 26. Qe4 {[%clk 01:29:29]} Bxh6 {[%clk 01:19:42]} 27. b4
{[%clk 01:29:29]} Qxa3 {[%clk 01:19:42]} 28. Rdd1 {[%clk 01:29:29]} Bxc1 {[%clk
01:19:42]} 29. Qxe5 {[%clk 01:29:29]} Rxd3 {[%clk 01:19:42]} 30. Rxd3 {[%clk
01:29:29]} Qxd3 {[%clk 01:19:42]} 31. Qc7 {[%clk 01:29:29]} Qd1+ {[%clk
01:19:42]} 32. Kg2 {[%clk 01:29:29]} Bb2 {[%clk 01:19:42]} 33. Qxb7 {[%clk
01:29:29]} Re8 {[%clk 01:19:42]} 34. Qxa6 {[%clk 01:29:29]} Re1 {[%clk
01:19:42]} 35. Qc8+ {[%clk 01:29:29]} Kg7 {[%clk 01:19:42]} 36. Kg3 {[%clk
01:29:29]} Be5+ {[%clk 01:19:42]} 37. f4 {[%clk 01:29:29]} Qd3+ {[%clk
01:19:42]} 38. Kg4 {[%clk 01:29:29]} h5+ {[%clk 01:19:42]} 39. Kh4 {[%clk
01:29:29]} Bf6# {[%clk 01:19:42]} 0-1

[Event "DVM U12 2020"]
[Site "Magdeburg GER"]
[Date "2021.08.08"]
[Round "7"]
[White "Lange, Tobias"]
[Black "Neumeier, Valentina"]
[Result "1/2-1/2"]
[Termination "normal"]
[Board "5.3"]
[WhiteElo "1399"]
[BlackElo "1189"]
[WhiteClock "00:25:34"]
[BlackClock "00:42:53"]
[WhiteTeam "SC Garching 1980 e.V."]
[BlackTeam "SK Kelheim 1920"]
[PlyCount "63"]
[WhiteFideId "34608281"]
[BlackFideId "34608222"]
[EventCountry "GER"]
[EventRounds "7"]
[EventType "team-swiss"]
[EventDate "2021.08.04"]

1. e4 {[%clk 01:30:59]} e5 {[%clk 01:30:56]} {[%emt 00:00:10]} 2. Nf3 {[%clk
01:31:26]} {[%emt 00:00:04]} Nc6 {[%clk 01:31:21]} {[%emt 00:00:04]} 3. Nc3
{[%clk 01:31:52]} {[%emt 00:02:00]} Nf6 {[%clk 01:31:44]} 4. d4 {[%clk
01:32:18]} exd4 {[%clk 01:32:09]} 5. Nxd4 {[%clk 01:32:44]} Bb4 {[%clk
01:32:32]} 6. Nxc6 {[%clk 01:33:06]} {[%emt 00:00:05]} bxc6 {[%clk 01:32:57]}
7. Bd3 {[%clk 01:33:24]} d5 {[%clk 01:33:16]} 8. exd5 {[%clk 01:30:14]} {[%emt
00:19:06]} cxd5 {[%clk 01:33:16]} 9. O-O {[%clk 01:28:13]} O-O {[%clk
01:31:45]} 10. Bg5 {[%clk 01:20:09]} c6 {[%clk 01:32:00]} {[%emt 00:00:05]} 11.
Qf3 {[%clk 01:17:24]} {[%emt 00:00:34]} Be7 {[%clk 01:32:18]} {[%emt 00:00:14]}
12. Rfe1 {[%clk 01:16:13]} {[%emt 01:12:27]} Rb8 {[%clk 01:30:09]} 13. Qg3
{[%clk 01:14:13]} Bd6 {[%clk 01:18:25]} 14. Qh4 {[%clk 01:11:02]} h6 {[%clk
01:11:00]} 15. Bxf6 {[%clk 01:05:34]} {[%emt 00:00:05]} Qxf6 {[%clk 01:09:44]}
16. Qxf6 {[%clk 01:05:31]} gxf6 {[%clk 01:10:05]} 17. Rab1 {[%clk 01:02:39]}
Kh8 {[%clk 01:09:17]} 18. Ne2 {[%clk 00:57:37]} {[%emt 00:00:05]} c5 {[%clk
01:06:40]} 19. b3 {[%clk 00:52:31]} Rg8 {[%clk 01:04:49]} 20. Ng3 {[%clk
00:51:08]} Rb4 {[%clk 01:01:16]} 21. Nh5 {[%clk 00:48:55]} Bh3 {[%clk
00:59:22]} {[%emt 00:02:50]} 22. g3 {[%clk 00:48:06]} Be5 {[%clk 00:54:26]}
{[%emt 00:26:30]} 23. Rec1 {[%clk 00:45:42]} Rg5 {[%clk 00:53:30]} 24. c3
{[%clk 00:45:48]} Rh4 {[%clk 00:52:05]} 25. f4 {[%clk 00:29:52]} Bxf4 {[%clk
00:49:35]} {[%emt 00:07:44]} 26. Nxf4 {[%clk 00:29:55]} Rxf4 {[%clk 00:49:53]}
27. c4 {[%clk 00:28:55]} Rd4 {[%clk 00:47:43]} 28. Bf1 {[%clk 00:26:42]} {[%emt
00:02:09]} Bxf1 {[%clk 00:47:06]} {[%emt 00:01:03]} 29. Rxf1 {[%clk 00:26:28]}
{[%emt 00:02:50]} f5 {[%clk 00:46:06]} 30. cxd5 {[%clk 00:25:28]} {[%emt
00:00:50]} Rxd5 {[%clk 00:45:51]} {[%emt 00:00:46]} 31. Rbe1 {[%clk 00:25:33]}
{[%emt 00:00:30]} Kg7 {[%clk 00:42:53]} {[%emt 00:03:31]} 32. Re7 {[%clk
00:25:34]} {[%emt 00:00:21]} 1/2-1/2

[Event "DVM U12 2020"]
[Site "Magdeburg GER"]
[Date "2021.08.08"]
[Round "7"]
[White "Sitnik, Arthur"]
[Black "Chua, Daniel James"]
[Result "0-1"]
[Termination "normal"]
[Board "5.4"]
[WhiteElo "1051"]
[BlackElo "1477"]
[WhiteClock "00:18:22"]
[BlackClock "01:13:32"]
[WhiteTeam "SK Kelheim 1920"]
[BlackTeam "SC Garching 1980 e.V."]
[PlyCount "92"]
[WhiteFideId "34608150"]
[BlackFideId "34608354"]
[EventCountry "GER"]
[EventRounds "7"]
[EventType "team-swiss"]
[EventDate "2021.08.04"]

1. e4 {[%clk 01:30:58]} {[%emt 00:00:46]} e5 {[%clk 01:30:55]} 2. Nf3 {[%clk
01:31:22]} Nc6 {[%clk 01:31:20]} 3. Bc4 {[%clk 01:31:40]} Nf6 {[%clk 01:31:40]}
{[%emt 00:00:04]} 4. d3 {[%clk 01:31:21]} h6 {[%clk 01:31:44]} 5. O-O {[%clk
01:30:41]} Bc5 {[%clk 01:32:04]} 6. Be3 {[%clk 01:30:09]} {[%emt 00:20:31]} Bb6
{[%clk 01:32:20]} 7. h3 {[%clk 01:30:18]} O-O {[%clk 01:32:36]} 8. Qd2 {[%clk
01:29:31]} Kh7 {[%clk 01:32:41]} 9. Nh4 {[%clk 01:25:51]} {[%emt 00:00:05]}
Nxe4 {[%clk 01:32:36]} 10. dxe4 {[%clk 01:25:48]} Qxh4 {[%clk 01:32:52]} 11.
Kh2 {[%clk 01:21:27]} Qe7 {[%clk 01:32:22]} 12. f4 {[%clk 01:20:09]} {[%emt
00:00:05]} d6 {[%clk 01:29:42]} 13. f5 {[%clk 01:16:58]} Bxe3 {[%clk 01:29:25]}
14. Qxe3 {[%clk 01:15:28]} {[%emt 00:29:41]} b6 {[%clk 01:21:32]} 15. Nc3
{[%clk 01:08:48]} Qg5 {[%clk 01:20:56]} 16. Qxg5 {[%clk 01:01:11]} hxg5 {[%clk
01:21:03]} 17. Bd5 {[%clk 01:00:55]} {[%emt 00:06:41]} Bb7 {[%clk 01:21:07]}
18. Kh1 {[%clk 00:55:01]} {[%emt 00:43:17]} a6 {[%clk 01:20:22]} 19. Rf3 {[%clk
00:54:41]} Rab8 {[%clk 01:20:11]} 20. Rg3 {[%clk 00:53:31]} f6 {[%clk
01:20:08]} {[%emt 00:00:04]} 21. h4 {[%clk 00:45:57]} g6 {[%clk 01:19:13]} 22.
hxg5 {[%clk 00:41:56]} fxg5 {[%clk 01:18:45]} 23. Rxg5 {[%clk 00:40:47]} gxf5
{[%clk 01:18:51]} {[%emt 00:00:04]} 24. Kh2 {[%clk 00:35:34]} Nd4 {[%clk
01:16:56]} 25. Rh1 {[%clk 00:34:22]} Rf6 {[%clk 01:16:17]} 26. Bg8+ {[%clk
00:31:36]} Rxg8 {[%clk 01:16:09]} {[%emt 00:15:01]} 27. Kg3+ {[%clk 00:31:13]}
Rh6 {[%clk 01:16:23]} 28. Rxh6+ {[%clk 00:31:30]} Kxh6 {[%clk 01:16:45]} 29.
Rxg8 {[%clk 00:31:52]} fxe4 {[%clk 01:16:48]} 30. Rf8 {[%clk 00:29:41]} Kg7
{[%clk 01:13:28]} 31. Rf1 {[%clk 00:28:38]} Nxc2 {[%clk 01:13:45]} 32. Ne2
{[%clk 00:27:47]} c5 {[%clk 01:13:26]} 33. Nc3 {[%clk 00:23:15]} d5 {[%clk
01:13:16]} 34. Rf5 {[%clk 00:22:15]} d4 {[%clk 01:12:50]} 35. Nd1 {[%clk
00:22:07]} Kg6 {[%clk 01:11:25]} {[%emt 00:00:39]} 36. Rxe5 {[%clk 00:21:25]}
{[%emt 00:03:51]} Kf6 {[%clk 01:11:22]} 37. Kf4 {[%clk 00:21:32]} e3 {[%clk
01:11:31]} 38. g4 {[%clk 00:20:49]} Nb4 {[%clk 01:11:25]} 39. Rf5+ {[%clk
00:20:23]} {[%emt 00:00:43]} Kg6 {[%clk 01:11:23]} {[%emt 00:00:30]} 40. Rg5+
{[%clk 00:20:27]} {[%emt 00:02:11]} Kf6 {[%clk 01:11:46]} 41. Rf5+ {[%clk
00:20:41]} Ke6 {[%clk 01:12:09]} 42. Re5+ {[%clk 00:20:05]} Kd6 {[%clk
01:12:34]} 43. Kf5 {[%clk 00:19:50]} {[%emt 00:00:34]} Bc8+ {[%clk 01:12:47]}
{[%emt 00:00:31]} 44. Kf6 {[%clk 00:19:09]} {[%emt 00:02:18]} Bxg4 {[%clk
01:12:58]} 45. Nxe3 {[%clk 00:18:45]} dxe3 {[%clk 01:13:12]} {[%emt 00:00:14]}
46. Rxe3 {[%clk 00:18:22]} {[%emt 00:00:45]} Nd5 {[%clk 01:13:32]} {[%emt
00:00:26]} 0-1

[Event "DVM U12 2020"]
[Site "Magdeburg GER"]
[Date "2021.08.08"]
[Round "7"]
[White "Herrmann, Jakob"]
[Black "Udelnov, Valentin"]
[Result "1/2-1/2"]
[Termination "normal"]
[Board "6.1"]
[WhiteElo "1531"]
[BlackElo "1728"]
[WhiteClock "00:16:42"]
[BlackClock "00:08:49"]
[WhiteTeam "SAV Torgelow-Drögeheide 90"]
[BlackTeam "Schachzwerge Magdeburg"]
[PlyCount "80"]
[WhiteFideId "16287169"]
[BlackFideId "16265734"]
[EventCountry "GER"]
[EventRounds "7"]
[EventType "team-swiss"]
[EventDate "2021.08.04"]

1. e4 {[%clk 01:30:57]} e5 {[%clk 01:30:54]} {[%emt 00:00:04]} 2. Nf3 {[%clk
01:31:15]} Nc6 {[%clk 01:31:13]} 3. d4 {[%clk 01:31:37]} exd4 {[%clk 01:31:28]}
4. Nxd4 {[%clk 01:31:59]} Nf6 {[%clk 01:31:57]} 5. Nxc6 {[%clk 01:32:19]} bxc6
{[%clk 01:32:23]} {[%emt 00:00:04]} 6. e5 {[%clk 01:32:40]} Qe7 {[%clk
01:32:24]} 7. Qe2 {[%clk 01:32:49]} Nd5 {[%clk 01:32:36]} 8. c4 {[%clk
01:33:00]} Nb6 {[%clk 01:33:01]} 9. Nc3 {[%clk 01:33:17]} a5 {[%clk 01:27:00]}
{[%emt 00:00:07]} 10. Qe4 {[%clk 01:21:10]} g6 {[%clk 01:17:22]} 11. Bd3 {[%clk
01:16:02]} {[%emt 00:06:53]} Bg7 {[%clk 01:13:56]} {[%emt 00:14:51]} 12. Bf4
{[%clk 01:09:29]} O-O {[%clk 01:08:39]} {[%emt 01:14:54]} 13. O-O {[%clk
01:08:09]} Ba6 {[%clk 01:07:42]} 14. Rad1 {[%clk 01:02:49]} Qb4 {[%clk
00:59:18]} 15. Qe2 {[%clk 00:54:41]} Nxc4 {[%clk 00:41:25]} 16. b3 {[%clk
00:46:49]} {[%emt 00:00:03]} Nb2 {[%clk 00:36:25]} 17. Qxb2 {[%clk 00:46:28]}
Bxd3 {[%clk 00:36:46]} 18. Rxd3 {[%clk 00:46:30]} Qxf4 {[%clk 00:37:12]} 19.
Ne2 {[%clk 00:46:00]} Qxe5 {[%clk 00:35:04]} 20. Qxe5 {[%clk 00:46:21]} Bxe5
{[%clk 00:35:33]} 21. Rxd7 {[%clk 00:46:40]} Rad8 {[%clk 00:34:39]} 22. Rfd1
{[%clk 00:43:58]} Bd6 {[%clk 00:34:06]} {[%emt 00:00:04]} 23. Rxd8 {[%clk
00:44:18]} Rxd8 {[%clk 00:34:35]} 24. Kf1 {[%clk 00:43:39]} {[%emt 00:00:27]}
Ra8 {[%clk 00:32:06]} 25. Nc3 {[%clk 00:42:37]} {[%emt 00:01:13]} Bb4 {[%clk
00:32:08]} {[%emt 00:00:17]} 26. Rd3 {[%clk 00:39:20]} {[%emt 00:04:01]} f5
{[%clk 00:31:48]} {[%emt 00:00:35]} 27. Ke2 {[%clk 00:35:41]} {[%emt 00:05:11]}
Re8+ {[%clk 00:31:18]} 28. Kd2 {[%clk 00:35:31]} {[%emt 00:00:38]} Kf7 {[%clk
00:31:37]} {[%emt 00:00:11]} 29. Rd7+ {[%clk 00:35:08]} {[%emt 00:00:54]} Re7
{[%clk 00:31:40]} {[%emt 00:00:29]} 30. Rxe7+ {[%clk 00:35:04]} {[%emt
00:00:41]} Kxe7 {[%clk 00:32:09]} 31. Kd3 {[%clk 00:35:05]} {[%emt 00:01:12]}
Kd6 {[%clk 00:27:07]} {[%emt 00:04:40]} 32. Ne2 {[%clk 00:33:25]} {[%emt
00:06:56]} c5 {[%clk 00:19:35]} {[%emt 00:10:32]} 33. h3 {[%clk 00:24:39]}
{[%emt 00:02:07]} c6 {[%clk 00:19:27]} {[%emt 00:02:51]} 34. f3 {[%clk
00:24:51]} g5 {[%clk 00:17:24]} {[%emt 00:17:23]} 35. Ng1 {[%clk 00:20:11]} Kd5
{[%clk 00:16:08]} 36. Ne2 {[%clk 00:20:30]} Ke5 {[%clk 00:16:34]} 37. Ng3
{[%clk 00:19:54]} h6 {[%clk 00:11:56]} 38. Ne2 {[%clk 00:19:11]} f4 {[%clk
00:08:49]} {[%emt 00:01:23]} 39. Nc3 {[%clk 00:16:42]} {[%emt 00:02:58]} Bxc3
40. Kxc3 {[%clk 00:16:42]} Kd5 1/2-1/2

[Event "DVM U12 2020"]
[Site "Magdeburg GER"]
[Date "2021.08.08"]
[Round "7"]
[White "Nönnig, Jakob"]
[Black "Drechsler, Andor"]
[Result "1-0"]
[Termination "normal"]
[Board "6.2"]
[WhiteElo "1442"]
[BlackElo "1256"]
[WhiteClock "01:32:06"]
[BlackClock "01:31:27"]
[WhiteTeam "Schachzwerge Magdeburg"]
[BlackTeam "SAV Torgelow-Drögeheide 90"]
[PlyCount "31"]
[WhiteFideId "16289447"]
[BlackFideId "16266900"]
[EventCountry "GER"]
[EventRounds "7"]
[EventType "team-swiss"]
[EventDate "2021.08.04"]

1. e4 {[%clk 01:30:59]} c5 {[%clk 01:30:50]} 2. Nf3 {[%clk 01:31:22]} Nc6
{[%clk 01:31:13]} 3. d4 {[%clk 01:31:42]} cxd4 {[%clk 01:31:20]} 4. Nxd4 {[%clk
01:32:06]} Qb6 {[%clk 01:31:27]} 5. Nb3 {[%emt 00:00:05]} Nf6 6. Nc3 e6 7. Be3
Qd8 8. a3 Be7 9. Bd3 a6 10. Na4 d5 11. Nb6 Rb8 12. exd5 Nxd5 13. Nxd5 Qxd5 14.
O-O e5 15. f3 O-O 16. Bxh7+ 1-0

[Event "DVM U12 2020"]
[Site "Magdeburg GER"]
[Date "2021.08.08"]
[Round "7"]
[White "Briese, Paul"]
[Black "Petzold, Johannes Julius"]
[Result "0-1"]
[Termination "normal"]
[Board "6.3"]
[WhiteElo "1113"]
[BlackElo "1104"]
[WhiteClock "01:05:19"]
[BlackClock "01:14:46"]
[WhiteTeam "SAV Torgelow-Drögeheide 90"]
[BlackTeam "Schachzwerge Magdeburg"]
[PlyCount "72"]
[WhiteFideId "16273826"]
[BlackFideId "16289455"]
[EventCountry "GER"]
[EventRounds "7"]
[EventType "team-swiss"]
[EventDate "2021.08.04"]

1. c4 {[%clk 01:30:55]} Nf6 {[%clk 01:30:59]} 2. Nc3 {[%clk 01:31:16]} g6
{[%clk 01:31:25]} 3. g3 {[%clk 01:31:38]} Bg7 {[%clk 01:31:52]} {[%emt
00:00:13]} 4. Bg2 {[%clk 01:31:44]} {[%emt 00:00:59]} O-O {[%clk 01:32:15]} 5.
Nf3 {[%clk 01:31:53]} d6 {[%clk 01:32:44]} 6. d4 {[%clk 01:31:32]} {[%emt
00:03:09]} Re8 {[%clk 01:30:47]} 7. O-O {[%clk 01:30:13]} {[%emt 00:01:37]}
Nbd7 {[%clk 01:28:33]} {[%emt 00:23:10]} 8. Be3 {[%clk 01:28:34]} e5 {[%clk
01:27:44]} 9. dxe5 {[%clk 01:26:36]} Nxe5 {[%clk 01:27:32]} 10. Nxe5 dxe5
{[%clk 01:26:48]} 11. Qxd8 {[%clk 01:26:35]} Rxd8 {[%clk 01:27:10]} 12. Rfd1
{[%clk 01:25:49]} Re8 {[%clk 01:24:51]} 13. Nd5 {[%clk 01:20:26]} Nxd5 {[%clk
01:24:22]} 14. Rxd5 {[%clk 01:14:36]} {[%emt 00:05:55]} c6 {[%clk 01:24:27]}
{[%emt 00:10:59]} 15. Rd2 {[%clk 01:13:50]} Be6 {[%clk 01:24:09]} 16. b3 {[%clk
01:13:15]} Red8 {[%clk 01:20:21]} 17. Rad1 {[%clk 01:10:35]} Rxd2 {[%clk
01:19:34]} {[%emt 00:01:18]} 18. Rxd2 {[%clk 01:10:49]} {[%emt 00:07:20]} f5
{[%clk 01:19:27]} 19. Kf1 {[%clk 01:06:11]} a5 {[%clk 01:19:27]} 20. a4 {[%clk
01:05:52]} Kf7 {[%clk 01:17:32]} {[%emt 00:03:31]} 21. Bb6 {[%clk 01:05:19]}
Bf6 {[%clk 01:14:46]} {[%emt 00:03:17]} 22. e3 h6 {[%clk 01:14:46]} 23. Ke2 Be7
{[%clk 01:14:46]} 24. f4 e4 {[%clk 01:14:46]} 25. Rd1 Bb4 {[%clk 01:14:46]} 26.
Rg1 Rc8 {[%clk 01:14:46]} 27. h3 c5 {[%clk 01:14:46]} 28. Bh1 Ke7 {[%clk
01:14:46]} 29. g4 Kd7 {[%clk 01:14:46]} 30. gxf5 Bxf5 {[%clk 01:14:46]} 31. h4
Kc6 {[%clk 01:14:46]} 32. Bxa5 Bxa5 {[%clk 01:14:46]} 33. Rd1 Rd8 {[%clk
01:14:46]} 34. Rg1 Rd2+ {[%clk 01:14:46]} 35. Kf1 Bh3+ {[%clk 01:14:46]} 36.
Ke1 Ra2+ {[%clk 01:14:46]} 0-1

[Event "DVM U12 2020"]
[Site "Magdeburg GER"]
[Date "2021.08.08"]
[Round "7"]
[White "Conrad, Marius"]
[Black "Wandelt, Moritz"]
[Result "1-0"]
[Termination "normal"]
[Board "6.4"]
[WhiteElo "1498"]
[BlackElo "1029"]
[WhiteClock "01:01:52"]
[BlackClock "00:58:37"]
[WhiteTeam "Schachzwerge Magdeburg"]
[BlackTeam "SAV Torgelow-Drögeheide 90"]
[PlyCount "47"]
[WhiteFideId "16299078"]
[BlackFideId "34605070"]
[EventCountry "GER"]
[EventRounds "7"]
[EventType "team-swiss"]
[EventDate "2021.08.04"]

1. e4 {[%clk 01:30:58]} {[%emt 00:04:11]} c5 {[%clk 01:30:54]} 2. Nf3 {[%clk
01:31:21]} e6 {[%clk 01:31:11]} 3. d4 {[%clk 01:31:29]} cxd4 {[%clk 01:31:34]}
4. Nxd4 {[%clk 01:31:53]} {[%emt 00:00:05]} a6 {[%clk 01:31:55]} 5. Nc3 {[%clk
01:32:03]} Qc7 {[%clk 01:32:14]} 6. Be3 {[%clk 01:31:19]} d6 {[%clk 01:32:09]}
7. Qd2 {[%clk 01:29:54]} {[%emt 00:00:27]} Nf6 {[%clk 01:32:09]} {[%emt
00:00:24]} 8. Be2 {[%clk 01:29:41]} {[%emt 00:06:38]} Be7 {[%clk 01:32:22]} 9.
f4 {[%clk 01:28:33]} Nbd7 {[%clk 01:30:52]} 10. g4 {[%clk 01:26:25]} {[%emt
00:03:15]} Nc5 {[%clk 01:28:06]} {[%emt 00:00:41]} 11. Bf3 {[%clk 01:25:41]}
{[%emt 00:01:40]} e5 {[%clk 01:17:43]} {[%emt 00:10:26]} 12. fxe5 {[%clk
01:21:35]} {[%emt 00:04:36]} dxe5 {[%clk 01:17:44]} {[%emt 00:00:29]} 13. Nf5
{[%clk 01:21:44]} {[%emt 00:00:21]} O-O {[%clk 01:11:47]} {[%emt 00:16:46]} 14.
g5 {[%clk 01:21:14]} Nfd7 {[%clk 01:10:56]} 15. Nxe7+ {[%clk 01:21:25]} Kh8
{[%clk 01:10:49]} 16. Ncd5 {[%clk 01:18:50]} Qb8 {[%clk 01:09:43]} {[%emt
00:01:13]} 17. Rf1 {[%clk 01:08:32]} {[%emt 00:07:14]} f6 {[%clk 01:04:03]}
{[%emt 00:06:09]} 18. gxf6 {[%clk 01:04:15]} {[%emt 00:04:48]} gxf6 {[%clk
01:04:12]} {[%emt 00:00:21]} 19. Qg2 {[%clk 01:03:35]} {[%emt 00:01:09]} Ne6
{[%clk 01:01:34]} {[%emt 00:03:08]} 20. Bh6 {[%clk 01:02:35]} {[%emt 00:06:50]}
Re8 {[%clk 01:01:18]} 21. Rg1 {[%clk 01:01:37]} Ng5 {[%clk 00:58:50]} 22. Bxg5
{[%clk 01:01:16]} {[%emt 00:03:20]} fxg5 {[%clk 00:59:04]} 23. Qxg5 {[%clk
01:01:32]} Rf8 {[%clk 00:58:37]} 24. Qg7# {[%clk 01:01:52]} 1-0

[Event "DVM U12 2020"]
[Site "Magdeburg GER"]
[Date "2021.08.08"]
[Round "7"]
[White "Sinka, Silas"]
[Black "Puchas, Henrik"]
[Result "1-0"]
[Termination "normal"]
[Board "7.1"]
[WhiteElo "1344"]
[BlackElo "1539"]
[WhiteClock "01:17:26"]
[BlackClock "00:37:29"]
[WhiteTeam "SV Hellas Nauen e.V."]
[BlackTeam "SV Vimbuch"]
[PlyCount "101"]
[WhiteFideId "16265823"]
[BlackFideId "16257995"]
[EventCountry "GER"]
[EventRounds "7"]
[EventType "team-swiss"]
[EventDate "2021.08.04"]

1. d4 {[%clk 01:30:59]} {[%emt 00:02:49]} d5 {[%clk 01:30:55]} 2. c4 {[%clk
01:31:24]} e6 {[%clk 01:31:21]} 3. Nf3 {[%clk 01:31:47]} c5 {[%clk 01:31:21]}
4. cxd5 {[%clk 01:31:56]} {[%emt 00:17:07]} exd5 {[%clk 01:31:06]} 5. g3 {[%clk
01:32:15]} Nf6 {[%clk 01:30:26]} 6. Bg2 {[%clk 01:32:01]} Nc6 {[%clk 01:29:38]}
7. O-O {[%clk 01:32:19]} {[%emt 00:00:04]} Bd6 {[%clk 01:29:47]} 8. Bg5 {[%clk
01:32:25]} h6 {[%clk 01:29:55]} 9. Bxf6 {[%clk 01:32:52]} Qxf6 {[%clk
01:30:02]} {[%emt 00:19:29]} 10. Nc3 {[%clk 01:27:14]} Nxd4 {[%clk 01:16:50]}
11. Nxd4 {[%clk 01:26:59]} Qxd4 {[%clk 01:15:38]} 12. Qxd4 {[%clk 01:26:59]}
cxd4 {[%clk 01:15:29]} {[%emt 00:00:04]} 13. Nxd5 {[%clk 01:27:23]} O-O {[%clk
01:12:36]} 14. Rfd1 {[%clk 01:27:39]} Be5 {[%clk 01:09:07]} 15. f4 {[%clk
01:27:39]} {[%emt 00:00:05]} Bd6 {[%clk 01:09:29]} 16. Kf1 {[%clk 01:28:02]}
Bg4 {[%clk 00:51:21]} {[%emt 00:18:54]} 17. h3 {[%clk 01:28:28]} Be6 {[%clk
00:51:35]} 18. Rxd4 {[%clk 01:27:45]} Rac8 {[%clk 00:51:48]} 19. Rad1 {[%clk
01:21:36]} {[%emt 00:04:06]} Rc2 {[%clk 00:50:03]} {[%emt 00:02:12]} 20. R4d2
{[%clk 01:21:47]} {[%emt 00:00:20]} Rfc8 {[%clk 00:48:49]} {[%emt 00:07:22]}
21. Rxc2 {[%clk 01:18:23]} Rxc2 {[%clk 00:49:07]} 22. Ne3 {[%clk 01:18:24]}
Rxb2 {[%clk 00:47:29]} {[%emt 00:01:04]} 23. Rxd6 {[%clk 01:18:31]} {[%emt
00:00:23]} Rxa2 {[%clk 00:45:49]} {[%emt 00:02:10]} 24. Bxb7 {[%clk 01:18:32]}
{[%emt 00:00:29]} Bxh3+ {[%clk 00:46:10]} {[%emt 00:00:09]} 25. Kf2 {[%clk
01:18:51]} {[%emt 00:00:11]} a5 {[%clk 00:45:33]} {[%emt 00:16:45]} 26. Rd8+
{[%clk 01:17:47]} Kh7 {[%clk 00:45:22]} 27. Bc8 {[%clk 01:18:10]} Bxc8 {[%clk
00:43:24]} 28. Rxc8 {[%emt 00:00:05]} Kg6 {[%clk 00:42:13]} 29. Ra8 {[%clk
01:18:24]} Kf6 {[%clk 00:38:46]} 30. Nc4 {[%clk 01:18:29]} a4 {[%clk 00:38:33]}
31. Nb6 {[%clk 01:18:40]} a3 {[%clk 00:37:59]} {[%emt 00:00:05]} 32. Nc4 {[%clk
01:17:22]} Ke6 {[%clk 00:37:29]} {[%emt 00:00:45]} 33. Rxa3 {[%clk 01:17:26]}
{[%emt 00:00:25]} Rc2 34. Ra6+ {[%clk 01:17:26]} Ke7 35. Rc6 {[%clk 01:17:26]}
Rc3 36. Ne5 {[%clk 01:17:26]} Rxc6 37. Nxc6+ {[%clk 01:17:26]} Kd6 38. Nd4
{[%clk 01:17:26]} Ke7 39. e4 {[%clk 01:17:26]} g6 40. Kf3 {[%clk 01:17:26]} Kd6
41. f5 {[%clk 01:17:26]} g5 42. g4 {[%clk 01:17:26]} f6 43. Ne6 {[%clk
01:17:26]} Ke7 44. Ke3 {[%clk 01:17:26]} Kd7 45. Ng7 {[%clk 01:17:26]} Kd6 46.
Kd4 {[%clk 01:17:26]} Ke7 47. e5 {[%clk 01:17:26]} Kf7 48. Nh5 {[%clk
01:17:26]} fxe5+ 49. Kxe5 {[%clk 01:17:26]} Ke7 50. f6+ {[%clk 01:17:26]} Kf7
51. Kf5 {[%clk 01:17:26]} 1-0